000 00586nam a22001817a 4500
005 20251108164954.0
008 250721s1995 xx 000 0 ara d
082 1 4 _a214.1/سمي
100 1 _aالسميري، جابر زايد عيد
245 1 0 _aالصفات الخبرية بين المثبت و المؤلين بيانا و تأصيلا /
264 1 _aالخرطوم :
_bالدار السودانيه للكتب،
_c1995.
300 _a276ص
650 1 7 _aالإسلام
650 1 7 _aالتوحيد
650 1 7 _aعلم الكلام
942 _2ddc
_cBK
999 _c18759
_d18759